| 000 | 01000nam a22003257a 4500 | ||
|---|---|---|---|
| 003 | CHAP | ||
| 005 | 20220329135521.0 | ||
| 008 | 971013s1978 r 00010 d | ||
| 010 | _a37912 | ||
| 011 | _a38884 | ||
| 035 | _a43004 | ||
| 040 | _cCHAP | ||
| 082 |
_a532 _bM5 |
||
| 100 | 0 | 0 |
_aMiller, Donald S. _975752 |
| 245 | _aInternal flow systems | ||
| 260 |
_a(s.l.) : _bBHRA Fluid Engineering, _c1978 |
||
| 300 |
_a290 p. _b; gráfs |
||
| 490 |
_aBHRA fluid engineering series _v; 5 |
||
| 590 |
_aBATCH-UPD _b10 _c20130110 _lUCH01 _h0914 |
||
| 590 |
_aBATCH-UPD _b10 _c20130410 _lUCH01 _h0538 |
||
| 590 |
_aBATCH-UPD _b10 _c20130914 _lUCH01 _h1613 |
||
| 590 |
_aCONVERSION _b10 _c20130109 _lUCH01 _h1321 |
||
| 650 | 1 | 4 |
_aDinámica de fluídos. _932627 |
| 650 | 1 | 4 |
_aHidráulica. _955219 |
| 650 | 1 | 4 |
_aRedes de flujo. _995382 |
| 830 | 0 |
_aBHRA fluid engineering series _v; 5 _912167 |
|
| 901 | _aBK | ||
| 942 | _cLIBRO | ||
| 949 |
_a532 M5 _bBC _cLIBRO _d33724000754958 _eLIBRO _h58522 _i43004 _mDirecto _sb |
||
| 999 |
_c37912 _d37912 |
||